[Event "Veneto Province-ch 82nd"]
[Site "Ceregnano"]
[Date "2023.01.27"]
[Round "1.7"]
[White "Rosina, Graziano"]
[Black "Ranieri, Guglielmo"]
[Result "1/2-1/2"]
[WhiteElo "1695"]
[BlackElo "1327"]
[PlyCount "62"]
[EventDate "2023.01.27"]
[EventType "swiss"]
[EventRounds "5"]
[EventCountry "ITA"]
[SourceTitle "EXT 2024"]
[Source "ChessBase"]
[SourceDate "2023.10.10"]
[SourceVersion "1"]
[SourceVersionDate "2023.10.10"]
[SourceQuality "1"]

1. Nf3 Nf6 2. c4 e6 3. g3 b6 4. Bg2 Bb7 5. 0-0 Be7 6. Nc3 0-0 7. d4 d6 8. Qc2 h6 9. e4 Nbd7 10. d5 e5 11. Nh4 Nh7 12. Nf5 Bg5 13. Qe2 Bxc1 14. Raxc1 h5 15. b4 g6 16. Nh4 a5 17. a3 Bc8 18. Qc2 Ndf6 19. Na4 Bd7 20. Nc3 Qc8 21. Nb5 Bxb5 22. cxb5 axb4 23. axb4 Ra7 24. Ra1 Qb7 25. Rxa7 Qxa7 26. Rc1 Ra8 27. Qxc7 Qxc7 28. Rxc7 Ra1+ 29. Bf1 Nxe4 30. Rc2 Rb1 31. f3 Nef6 1/2-1/2